000
00310nam a2200121Ia 4500
008
180117s9999 xx 000 0 und d
100
_a
by Joshua Berida
245
_a
People of the Philippines
260
_c
2016
300
_a
18-20 pages, 2016 January 24
440
_a
Philippine Panorama
650
_a
PEOPLE
999
_c
353338
_d
353338